|
|
|
|
| LEADER |
00000nam0a2200000 4500 |
| 001 |
359528 |
| 005 |
20231102011211.0 |
| 035 |
|
|
|a (RuTPU)RU\TPU\retro\16808
|
| 090 |
|
|
|a 359528
|
| 100 |
|
|
|a 20201113d1979 m y0rusy50 ca
|
| 101 |
1 |
|
|a rus
|c per
|
| 102 |
|
|
|a RU
|
| 105 |
|
|
|a a z 001ay
|
| 200 |
1 |
|
|a Книга попугая (Тути-наме)
|e пер. с перс.
|f З. Д. Нахшаби
|g пер. Д. Е. Бертельс
|
| 210 |
|
|
|a Москва
|c Наука
|d 1979
|
| 215 |
|
|
|a 348 с.
|c ил.
|
| 320 |
|
|
|a Вступительная статья: с. 3-16
|
| 320 |
|
|
|a Примечания: с. 332-344
|
| 606 |
1 |
|
|a Арабская литература
|2 stltpush
|3 (RuTPU)RU\TPU\subj\29318
|9 52679
|
| 610 |
1 |
|
|a художественная литература
|
| 610 |
1 |
|
|a притчи
|
| 610 |
1 |
|
|a рассказы
|
| 675 |
|
|
|a 892.7
|v 4
|
| 700 |
|
1 |
|a Нахшаби
|b З. Д.
|g Зайа ад-Дин
|
| 702 |
|
1 |
|a Бертельс
|b Д. Е.
|4 730
|
| 801 |
|
1 |
|a RU
|b 63413507
|c 20201113
|
| 801 |
|
2 |
|a RU
|b 63413507
|c 20210428
|g RCR
|
| 942 |
|
|
|c BK
|